Statistics for Pop music artists by picture

Click here to take the quiz!

General Stats

  • This quiz has been taken 302 times
  • The average score is 15 of 16

Answer Stats

Answer% Correct
Taylor Swift
100%
Katy Perry
98%
Rihanna
98%
Bruno Mars
97%
Ed Sheeran
97%
Justin Bieber
97%
Ariana Grande
96%
Harry Styles
96%
Billie Eilish
94%
Lady Gaga
94%
Miley Cyrus
94%
Beyonce
91%
Adele
89%
Dua Lipa
87%
Mariah Carey
87%
Doja Cat
74%

Score Distribution

Percentile by Number Answered

Percent of People with Each Score

Your Score History

You have not taken this quiz